00403nam a2200133 a 4500008004100000050001500041100002500056245003700081246007500118250001200193260003300205300002200238350000900260120416s1948 ||||||||||||||||| || u aNA 961 Sit aSitwell, Sacheverell10aBritish architects and craftsmen aa survey of taste, design, and style during three centuries, 1600-1830 a4th ed. aLondonbB. T. Batsfordc1948 avii, 196p. : ill. a0.00